Catálogo
 En Linea

Las encuestas socioeconómicas y demográficas con periodicidad definida en la República Dominicana : (Registro nro. 37505)

Detalles MARC
000 -CABECERA
campo de control de longitud fija 01211nam a2200277 a 4500
001 - NÚMERO DE CONTROL
campo de control 000038015
003 - IDENTIFICADOR DEL NÚMERO DE CONTROL
campo de control DO-SdBNP
005 - FECHA Y HORA DE LA ÚLTIMA TRANSACCIÓN
campo de control 20250221073755.0
007 - CAMPO FIJO DE DESCRIPCIÓN FÍSICA--INFORMACIÓN GENERAL
campo de control de longitud fija ta
008 - DATOS DE LONGITUD FIJA--INFORMACIÓN GENERAL
campo de control de longitud fija 130312s2009 dr 000 0 spa d
040 ## - FUENTE DE LA CATALOGACIÓN
Centro catalogador/agencia de origen DO-SdBNP
Lengua de catalogación spa
Centro/agencia transcriptor BNPHU
082 ## - NÚMERO DE LA CLASIFICACIÓN DECIMAL DEWEY
Número de edición 22
Número de clasificación 300.723
Número de documento/Ítem E56s
245 04 - MENCIÓN DE TÍTULO
Título Las encuestas socioeconómicas y demográficas con periodicidad definida en la República Dominicana :
Resto del título una revisión a su contenido temático /
Mención de responsabilidad, etc. elaboración, Mildred Martínez, Shelila Ruiz.
260 ## - PUBLICACIÓN, DISTRIBUCIÓN, ETC.
Lugar de publicación, distribución, etc. Santo Domingo :
Nombre del editor, distribuidor, etc. ONE,
Fecha de publicación, distribución, etc. 2009.
300 ## - DESCRIPCIÓN FÍSICA
Extensión 201 p. ;
Dimensiones 29 cm.
500 ## - NOTA GENERAL
Nota general Incluye notas al pie de las páginas
505 0# - NOTA DE CONTENIDO CON FORMATO
Título Presentación --
-- Introducción --
-- Medios previos para su difusión --
-- Descripción metodológica de lsa fuentes --
-- Descripcón de las temáticas --
-- Concluciones --
-- Rreferencias bibliográficas --
-- Anexos --
590 ## - NOTA LOCAL (RLIN)
Nota local Inventariado, 2023 / DG
650 4# - PUNTO DE ACCESO ADICIONAL DE MATERIA--TÉRMINO DE MATERIA
Término de materia o nombre geográfico como elemento de entrada Encuestas de hogares
Subdivisión geográfica República Dominicana
9 (RLIN) 81380
650 4# - PUNTO DE ACCESO ADICIONAL DE MATERIA--TÉRMINO DE MATERIA
Término de materia o nombre geográfico como elemento de entrada Encuestas de viviendas
Subdivisión geográfica República Dominicana
9 (RLIN) 83034
700 1# - PUNTO DE ACCESO ADICIONAL--NOMBRE DE PERSONA
Nombre de persona Martíz,Mildred
9 (RLIN) 64415
700 1# - PUNTO DE ACCESO ADICIONAL--NOMBRE DE PERSONA
Nombre de persona Ruiz, Shelila
9 (RLIN) 64416
710 1# - PUNTO DE ACCESO ADICIONAL--NOMBRE DE ENTIDAD CORPORATIVA
Nombre de entidad corporativa o nombre de jurisdicción como elemento de entrada República Dominicana.
Unidad subordinada Oficina Nacional de Estadística
9 (RLIN) 5775
910 ## - DATOS DE OPCIÓN DEL USUARIO (OCLC)
Datos de opción del usuario DG
942 ## - ELEMENTOS DE PUNTO DE ACCESO ADICIONAL (KOHA)
Fuente del sistema de clasificación o colocación Dewey Decimal Classification
Tipo de ítem Koha Libro
Existencias
Estado de retiro Estado de pérdida No para préstamo Código de colección Localización permanente Ubicación/localización actual Ubicación en estantería Fecha de adquisición Número de inventario Total de préstamos Signatura topográfica completa Código de barras Fecha visto por última vez Número de copia Precio válido a partir de Tipo de ítem Koha Fuente del sistema de clasificación o colocación Restricciones de uso Fuente de adquisición
      Dominicana de Servicio Biblioteca Nacional Pedro Henríquez Ureña Biblioteca Nacional Pedro Henríquez Ureña En catalogación 17.01.2023     BNPHU DS 300.723 E56s 2023-0195 17.01.2023 e.4 17.01.2023 Libro Dewey Decimal Classification Préstamo en sala donado por INESDYC
    Excluido de préstamo Dominicana de Servicio General General En catalogación 12.03.2013 LF1   38015-20 25.06.2020 e. 3 25.06.2020 Libro y Folleto Colección Dominicana de Servicio      
    Excluido de préstamo Patrimonio Dominicano Patrimonio Dominicano Patrimonio Dominicano En catalogación 12.03.2013 LF1   38015-10 25.06.2020 e. 2 25.06.2020 Libro y Folleto Colección Patrimonio Dominicano      
    Excluido de préstamo Patrimonio Dominicano Patrimonio Dominicano Patrimonio Dominicano En catalogación 12.03.2013 LF1   38015-30 25.06.2020   25.06.2020 Libro y Folleto Colección Patrimonio Dominicano      

Con tecnología Koha